000 00436nam a2200157Ia 4500
008 210716s2001 xx 000 0 und d
020 _a0198296185
041 _aeng
082 _a658.3003 HEEE
100 _aHeery, Edmund;Noon, Mike.
245 _aOxford a dictionary of human resource management.
250 _a1
260 _aNew York
_bOxford University Press
_c2001
300 _axxvii,449
650 _aDictionaries & Thesaurus
999 _c199404
_d199404